| 000 | 01679pam a2200457 i 4500 | ||
|---|---|---|---|
| 001 | 2024028525 | ||
| 003 | DLC | ||
| 005 | 20250929121250.0 | ||
| 008 | 240701s2025 nyu b 000 1 eng | ||
| 010 | _a 2024028525 | ||
| 020 |
_a9780593537831 _q(hardcover) |
||
| 020 |
_z9780593686249 _q(paperback) |
||
| 020 |
_z9780593537848 _q(ebook) |
||
| 035 | _a(OCoLC)1440667988 | ||
| 040 |
_aDLC _beng _erda _cDLC _dTnLvILS |
||
| 042 | _apcc | ||
| 042 |
_aawba--- _aa-is--- _an-us--- |
||
| 050 | 0 | 0 |
_aPS3573.R53685 _bH86 2025 |
| 082 | 0 | 0 |
_a813/.54 _223/eng/20240701 |
| 100 | 1 |
_aWright, Lawrence, _d1947- _eauthor. _96050 |
|
| 245 | 1 | 4 |
_aThe human scale / _cLawrence Wright. |
| 250 | _aFirst hardcover edition. | ||
| 264 | 1 |
_aNew York : _bAlfred A. Knopf, _c2025. |
|
| 300 |
_a429 pages ; _c25 cm |
||
| 336 | _atext | ||
| 337 | _aunmediated | ||
| 338 | _avolume | ||
| 500 | _a"A Borzoi book"--Title page verso. | ||
| 500 | _a"A novel"--Jacket. | ||
| 504 | _aIncludes bibliographical references. | ||
| 520 | _aA Palestinian American FBI agent teams up with a hardline Israeli cop to solve the murder of the Israeli police chief in Gaza. | ||
| 650 | 0 |
_aPalestinian Americans _vFiction. _95764854 |
|
| 650 | 0 |
_aMultiracial people _vFiction. _96540706 |
|
| 650 | 0 |
_aFamilies _zWest Bank _vFiction. _96552705 |
|
| 650 | 0 |
_aMurder _xInvestigation _vFiction. _95673630 |
|
| 650 | 0 |
_aPolice _zIsrael _vFiction. _96552706 |
|
| 610 | 1 | 0 |
_aUnited States. _bFederal Bureau of Investigation _xEmployees _vFiction. _95690657 |
| 655 | 7 |
_aThrillers (Fiction) _2lcgft |
|
| 655 | 7 |
_aCrime fiction. _2lcgft _96552707 |
|
| 655 | 7 |
_aNovels. _2lcgft |
|
| 999 |
_c411915 _d411915 |
||